Mi cuaderno de trabajo de sexto año : aritmética y geometría

Gespeichert in:
Bibliographische Detailangaben
1. Verfasser: Sánchez S., Julio, López Orche, Aurelio. (VerfasserIn)
Körperschaft: México. Comisión Nacional de los Libros de Texto Gratuitos.
Format: Buch
Sprache:Spanisch
Erschienen: México : Secretaría de Educación Pública, Comisión Nacional de los Libros de Texto Gratuitos, 1965.
Ausgabe:5a. ed.
Katalog:MANES:  Suchergebnis im Bibliothekskatalog
Schulbuchspezifische Eigenschaften:
Schriftenreihe:Libro de texto gratuito
Tags: Tag hinzufügen
Keine Tags, Fügen Sie den ersten Tag hinzu!
Hinzugefügt zu:02.07.2008
Geändert in:20.05.2026

MARC

LEADER 00000cam a2200000 a 4500
003 OSt
005 20260520173026.0
008 080703n1965 mx a f 000 0 spa d
040 |a CINV  |c CINV 
050 0 4 |a LTG LB1589  |b M49c 6º 1965 
051 0 4 |a LTG LB1589-M49c 6º 1965 
110 2 |a México.  |b Comisión Nacional de los Libros de Texto Gratuitos. 
245 1 0 |a Mi cuaderno de trabajo de sexto año :  |b aritmética y geometría /  |c Julio S. Sánchez y Aurelio López Orche. 
250 |a 5a. ed. 
260 |a México :  |b Secretaría de Educación Pública, Comisión Nacional de los Libros de Texto Gratuitos,  |c 1965. 
300 |a 157 p. :  |b il. ;  |c 26 cm. 
440 |a Libro de texto gratuito  |9 21882 
546 |a México 
561 |5 mx-CINVES  |a México. DIE-Cinvestav (Ciudad de México)  |k MANES 
691 0 |a PRI 
700 1 |a Sánchez S., Julio,  |e coaut.  |a López Orche, Aurelio. 
910 |a E-35261  |b Don.- 1965.  |a E35262(ej.2)  |b Don.- 1965 
911 |a E-35261 
942 |2 ddc  |c BK 
999 |c 54708  |d 54708 
999 |c manes:54708  |d 54708